000
00318nam a2200133Ia 4500
005
20260328104318.0
008
260328s9999||||xx |||||||||||||| ||und||
100
_a
Jelbert, Wendy
245
0
_a
Painting With Acrylics /
_c
Wendy Jelbert
260
_b
Search Press
300
_a
48 p.
650
_a
DIBUJO
942
_c
BK
999
_c
11257
_d
11257